Mémoires scientifiques publiés / (Registro nro. 128654)

Detalles MARC
000 -LEADER
campo de control de longitud fija 00730nam a2200217 i 4500
001 - NÚMERO DE CONTROL
campo de control 128654
003 - IDENTIFICADOR DE NÚMERO DE CONTROL
campo de control ES-MaACL
005 - FECHA Y HORA DE LA ÚLTIMA TRANSACCIÓN
campo de control 20230906193333.0
007 - CAMPO FIJO DE DESCRIPCIÓN FÍSICA--INFORMACIÓN GENERAL
campo de control de longitud fija t|
008 - DATOS DE LONGITUD FIJA--INFORMACIÓN GENERAL
campo de control de longitud fija 070521s1912 fr ||||1| fre d
100 1# - ENTRADA PRINCIPAL--NOMBRE DE PERSONA
Nombre de persona Tannery, Paul.
9 (RLIN) 109206
245 10 - MENCIÓN DEL TÍTULO
Título Mémoires scientifiques publiés /
Mención de responsabilidad, etc. Paul Tannery ; publiés par J.L. Heiberg et H.G. Zeuthen.
260 ## - PUBLICACIÓN, DISTRIBUCIÓN, ETC.
Lugar de publicación, distribución, etc. Toulouse :
Nombre del editor, distribuidor, etc. [s.n.],
Fecha de publicación, distribución, etc. 1912 (
Fabricante Edouard Privat)
300 ## - DESCRIPCIÓN FÍSICA
Extensión 2 v., lám. :
Otras características físicas il. ;
Dimensiones 24 cm.
500 ## - NOTA GENERAL
Nota general Retrato del autor.
505 8# - NOTA DE CONTENIDO CON FORMATO
Nota de contenido con formato Contiene: Sciences exactes dans l'antiquité
700 1# - ENTRADA AGREGADA--NOMBRE PERSONAL
Nombre de persona Heiberg, Johan Ludvig.
9 (RLIN) 62334
700 1# - ENTRADA AGREGADA--NOMBRE PERSONAL
Nombre de persona Zeuthen, Hieronymus G.
9 (RLIN) 118214
740 0# - ENTRADA AGREGADA--TÍTULO RELACIONADO/ANALÍTICO NO CONTROLADO
Título relacionado o analítico no controlado Sciences exactes dans l' antiquité.
852 ## - LOCALIZACIÓN
Ubicación ES-MaACL
Número de control de estantería F-981-2
Existencias
Estatus retirado Estado de pérdida Estado de daño No para préstamo Biblioteca de origen Biblioteca actual Ubicación en estantería Fecha de adquisición Fuente de adquisición Total de préstamos Signatura topográfica completa Código de barras Visto por última vez Precio de reemplazo Tipo de ítem Koha
        Biblioteca del Ateneo de Madrid Biblioteca del Ateneo de Madrid Depósito 2 17/01/2008     F-981-2 1133986 23/02/2023 23/02/2023 Libro impreso